000 00427cam a2200169ua 4500
041 _aeng
_h
082 _a631.46
_bALE/IN
100 _aAlexander, Martin .
245 _aIntroduction to soil microbiology /
_cMartin Alexander.
_hTextual Documents
250 _a1 /
_b.
260 _aLondon :
_bJohn Wiley & Sons ,
_c1961.
300 _a472 ; .
504 _a
942 _cBK
999 _c9487
_d9487